| 000 | 00915nam a22002057a 4500 | ||
|---|---|---|---|
| 999 |
_c16494 _d16494 |
||
| 003 | AR-CdUCM | ||
| 008 | 190503b ||||| |||| 00| 0 spa d | ||
| 040 |
_aMUNICIPALIDAD PROVINCIAL DEL CUSCO _cBIBLIOTECA MUNICIPAL DEL CUSCO |
||
| 082 |
_a657 / _bM27 |
||
| 100 |
_aMasi, Vincenzo _935968 |
||
| 245 | _aTeoría y metodología de la contabilidad / | ||
| 260 |
_aMadrid : _bEdit.E.J.E.S. _c1962. |
||
| 300 |
_a272 paginas ; _c22 cm. |
||
| 505 | _aContenido :Sic vos non vobis --Razón principal del escaso rendimiento de los estudios de contabilidad --Si nuestra ciencia es,mas que un sistema de resultados --Una armónica asociación de métodos ;y si la ciencia en general es solo un inteligente conjunto de métodos o también un orden de verdades ... | ||
| 650 |
_aEconomia _9382 |
||
| 650 |
_aContabilidad _910543 |
||
| 650 |
_aLeyes cientificas _935969 |
||
| 942 |
_2ddc _cLIBROS |
||
| 945 |
_arjall _d2019-05-03 |
||